Nuda e cruda /

Guardat en:
Dades bibliogràfiques
Autor principal: Mazzamauro, Anna
Format: Llibre
Idioma:italià
Publicat: [s.l.] : Diamond, 2014
Col·lecció:People
Etiquetes: Afegir etiqueta
Sense etiquetes, Sigues el primer a etiquetar aquest registre!

MARC

LEADER 00000nam a22000007i 4500
001 IT\ICCU\UBO\4122683
003 ItRI
005 20260115232203.0
008 150205s2014 it |||||| ||||| |||||c
020 |a 9788896650202 
040 |b ita  |c importazione bologna sebina 
041 7 |a ita  |2 ISO-639-2 
100 1 |a Mazzamauro, Anna  |0 IT\ICCU\RAVV\097380 
245 1 0 |a Nuda e cruda /  |c Anna Mazzamauro. 
260 |a [s.l.] :  |b Diamond,  |c 2014 
300 |a 81 p. :  |b ill. ;  |c 20 cm 
830 0 |a People  |0 IT\ICCU\UBO\4122689 
942 |2 ddc  |c BK  |n 0 
952 |0 0  |1 0  |4 0  |6 DOC_852_920000000000000_MAZ  |7 0  |9 21604  |a BO  |b BO  |d 2026-01-15  |i 17700  |l 0  |o DOC 852.92 MAZ  |p BO17700  |r 2026-01-15 23:22:03  |w 2026-01-15  |x [Sebina 5] [1 v.]  |y BK  |z 1 v. 
999 |c 18450  |d 18450